01857cam a22003255i 4500999001700000001001000017003000900027005001700036008004100053020001800094020001500112040004800127082002100175100004100196245006200237264004600299300004300345336002600388337002800414338002700442500003300469504005100502520064900553600006901202650005701271653002701328655001701355942001201372952014701384 c27870d27841018259531EG-ScBUE20191203105558.0150312r19971996enka f b 001 0beng d a9780571190652 z0571190650 aTEFODbengerdacTEFODdTEFODdUkdEG-ScBUE04a822.914bBIL2221 aBillington, Michael,d1939-eauthor.14aThe life and work of Harold Pinter /cMichael Billington. 1aLondon :bFaber and Faber Limited,c1997. ax, 418 pages :billustrations ;c21 cm atextbtxt2rdacontent aunmediatedbn2rdamedia avolumebnc2rdacarrier aOriginally published : 1996. aIncludes bibliographical references and index. a"Harold Pinter is our foremost living dramatist; and in this ground-breaking book - the first authorized biographical study - Michael Billington examines Pinter's work in the context of his life. Pinter's plays, including such acknowledged masterpieces as The Caretaker and The Homecoming, are subjected to close textual scrutiny and are seen to spring from a mixture of experience, memory and the unfettered poetic imagination. Billington's book also demolishes the myth that Pinter's political commitment is either belated or aesthetically detrimental; the dramatist is seen from the outset as a vehement opponent of authoritarian structures"17aPinter, Harold,d1930-2008xCriticism and interpretation.2BUEsh 7aDramatists, Englishy20th centuryvBiography.2BUEsh bHHUUEENNcNovember2019 vReading book 2ddccBB 00102ddc40708BaccahaMAINbMAINc2NDd2019-11-26ePurchaseg225.00l0o822.914 BILp000048346r2025-07-15 00:00:00v281.25w2019-11-26yBB